[Event "English Open Championship 2024"]
[Site "Holiday Inn, 212 Abbey End, Kenilworth CV8 1ED, United Kingdom"]
[Date "2024.06.23"]
[Round "7.15"]
[White "Turner, Lewis A"]
[Black "Murawski, Jan"]
[Result "1/2-1/2"]
[TimeControl "G90 + 30secs/move"]
[WhiteFideId "412600"]
[BlackFideId "21009287"]
[WhiteElo "1929"]
[BlackElo "2134"]

1. e4 {[%clk 01:30:57]} {[%emt 00:00:02]} e5 {[%clk 01:30:59]} {[%emt
00:00:02]} 2. Nf3 {[%clk 01:31:20]} {[%emt 00:00:07]} Nc6 {[%clk 01:31:26]}
{[%emt 00:00:01]} 3. Bb5 {[%clk 01:31:44]} {[%emt 00:00:07]} Nf6 {[%clk
01:31:55]} {[%emt 00:00:02]} 4. O-O {[%clk 01:31:23]} {[%emt 00:00:51]} Nxe4
{[%clk 01:32:22]} {[%emt 00:00:02]} 5. d4 {[%clk 01:31:32]} {[%emt 00:00:21]}
Nd6 {[%clk 01:32:49]} {[%emt 00:00:03]} 6. dxe5 {[%clk 01:30:54]} {[%emt
00:01:08]} Nxb5 {[%clk 01:33:17]} {[%emt 00:00:02]} 7. a4 {[%clk 01:31:02]}
{[%emt 00:00:22]} Nbd4 {[%clk 01:33:46]} {[%emt 00:00:01]} 8. Nxd4 {[%clk
01:31:23]} {[%emt 00:00:09]} Nxd4 {[%clk 01:34:15]} {[%emt 00:00:01]} 9. Qxd4
{[%clk 01:31:44]} {[%emt 00:00:10]} d5 {[%clk 01:34:43]} {[%emt 00:00:01]} 10.
exd6 {[%clk 01:32:04]} {[%emt 00:00:11]} Qxd6 {[%clk 01:35:11]} {[%emt
00:00:02]} 11. Qe4+ {[%clk 01:31:56]} {[%emt 00:00:37]} Be7 {[%clk 01:35:40]}
{[%emt 00:00:02]} 12. Bf4 {[%clk 01:30:08]} {[%emt 00:02:17]} Qe6 {[%clk
01:34:36]} {[%emt 00:01:35]} 13. Nc3 {[%clk 01:30:11]} {[%emt 00:00:27]} Qxe4
{[%clk 01:31:49]} {[%emt 00:03:16]} 14. Nxe4 {[%clk 01:30:34]} {[%emt
00:00:07]} Bf5 {[%clk 01:32:07]} {[%emt 00:00:12]} 15. Ng3 {[%clk 01:30:57]}
{[%emt 00:00:07]} Be6 {[%clk 01:32:19]} {[%emt 00:00:18]} 16. Bxc7 {[%clk
01:29:12]} {[%emt 00:02:15]} Rc8 {[%clk 01:31:41]} {[%emt 00:01:08]} 17. Be5
{[%clk 01:29:34]} {[%emt 00:00:07]} f6 {[%clk 01:25:49]} {[%emt 00:06:24]} 18.
Bc3 {[%clk 01:28:28]} {[%emt 00:01:35]} Kf7 {[%clk 01:26:00]} {[%emt 00:00:19]}
19. Rfe1 {[%clk 01:23:20]} {[%emt 00:05:37]} h5 {[%clk 01:22:10]} {[%emt
00:04:21]} 20. h3 {[%clk 01:20:21]} {[%emt 00:03:29]} g6 {[%clk 01:04:00]}
{[%emt 00:18:40]} 21. Ne2 {[%clk 01:18:53]} {[%emt 00:01:58]} Bc5 {[%clk
01:03:42]} {[%emt 00:00:47]} 22. Bd4 {[%clk 01:16:19]} {[%emt 00:03:04]} Rhd8
{[%clk 00:57:54]} {[%emt 00:06:19]} 23. Bxc5 {[%clk 01:15:59]} {[%emt
00:00:50]} Rxc5 {[%clk 00:58:20]} {[%emt 00:00:03]} 24. c3 {[%clk 01:10:54]}
{[%emt 00:05:37]} Rd2 {[%clk 00:50:45]} {[%emt 00:08:04]} 25. Nd4 {[%clk
01:11:15]} {[%emt 00:00:09]} Re5 {[%clk 00:49:04]} {[%emt 00:02:10]} 26. Nxe6
{[%clk 01:05:33]} {[%emt 00:06:13]} Kxe6 {[%clk 00:46:35]} {[%emt 00:02:58]} 27.
Rxe5+ {[%clk 01:02:38]} {[%emt 00:03:27]} fxe5 {[%clk 00:45:42]} {[%emt
00:01:22]} 28. Re1 {[%clk 01:02:43]} {[%emt 00:00:24]} Kf5 {[%clk 00:43:35]}
{[%emt 00:02:38]} 29. b4 {[%clk 01:00:39]} {[%emt 00:02:33]} g5 {[%clk
00:26:08]} {[%emt 00:17:57]} 30. Rc1 {[%clk 00:56:39]} {[%emt 00:04:31]} Ke4
{[%clk 00:13:09]} {[%emt 00:13:29]} 31. Re1+ {[%clk 00:56:01]} {[%emt
00:01:08]} Kf5 {[%clk 00:13:30]} {[%emt 00:00:09]} 32. a5 {[%clk 00:56:05]}
{[%emt 00:00:26]} e4 {[%clk 00:06:23]} {[%emt 00:07:37]} 33. Re3 {[%clk
00:55:44]} {[%emt 00:00:50]} Rd1+ {[%clk 00:06:25]} {[%emt 00:00:30]} 34. Kh2
{[%clk 00:56:03]} {[%emt 00:00:09]} Rd3 {[%clk 00:06:54]} {[%emt 00:00:03]} 35.
g3 {[%clk 00:50:22]} {[%emt 00:06:10]} Ke5 {[%clk 00:06:18]} {[%emt 00:01:06]}
36. c4 {[%clk 00:43:18]} {[%emt 00:07:34]} Rd2 {[%clk 00:05:12]} {[%emt
00:01:36]} 37. Kg1 {[%clk 00:41:31]} {[%emt 00:02:16]} Kd4 {[%clk 00:05:41]}
{[%emt 00:00:02]} 38. c5 {[%clk 00:36:27]} {[%emt 00:05:34]} Rb2 {[%clk
00:03:26]} {[%emt 00:02:45]} 39. a6 {[%clk 00:36:16]} {[%emt 00:00:42]} Rxb4
{[%clk 00:03:10]} {[%emt 00:00:45]} 40. axb7 {[%clk 00:36:30]} {[%emt
00:00:15]} Rxb7 {[%clk 00:03:39]} {[%emt 00:00:02]} 41. c6 {[%clk 00:36:23]}
{[%emt 00:00:38]} Rc7 {[%clk 00:03:06]} {[%emt 00:01:03]} 42. Ra3 {[%clk
00:36:46]} {[%emt 00:00:06]} g4 {[%clk 00:01:35]} {[%emt 00:02:01]} 43. h4
{[%clk 00:36:27]} {[%emt 00:00:49]} e3 {[%clk 00:00:54]} {[%emt 00:01:11]} 44.
Rxe3 {[%clk 00:36:43]} {[%emt 00:00:14]} Rxc6 {[%clk 00:01:21]} {[%emt
00:00:03]} 45. Ra3 {[%clk 00:36:56]} {[%emt 00:00:16]} a6 {[%clk 00:01:51]}
{[%emt 00:00:02]} 46. Ra5 {[%clk 00:36:02]} {[%emt 00:01:23]} Rh6 {[%clk
00:02:19]} {[%emt 00:00:02]} 47. Kg2 {[%clk 00:34:52]} {[%emt 00:01:39]} Kc4
{[%clk 00:02:46]} {[%emt 00:00:04]} 48. f3 {[%clk 00:34:49]} {[%emt 00:00:32]}
gxf3+ {[%clk 00:02:47]} {[%emt 00:00:30]} 49. Kxf3 {[%clk 00:35:13]} {[%emt
00:00:06]} Kb4 {[%clk 00:03:16]} {[%emt 00:00:01]} 50. Rf5 {[%clk 00:34:47]}
{[%emt 00:00:56]} a5 {[%clk 00:03:09]} {[%emt 00:00:37]} 51. g4 {[%clk
00:34:56]} {[%emt 00:00:21]} a4 {[%clk 00:01:35]} {[%emt 00:02:04]} 52. Rf4+
{[%clk 00:28:38]} {[%emt 00:06:47]} Kb3 {[%clk 00:01:23]} {[%emt 00:00:43]} 53.
gxh5 {[%clk 00:28:31]} {[%emt 00:00:37]} a3 {[%clk 00:00:46]} {[%emt 00:01:08]}
54. Kg4 {[%clk 00:28:44]} {[%emt 00:00:15]} Rh8 {[%clk 00:00:37]} {[%emt
00:00:41]} 55. Rf3+ {[%clk 00:28:12]} {[%emt 00:01:01]} Kb2 {[%clk 00:01:04]}
{[%emt 00:00:02]} 56. Rf2+ {[%clk 00:27:13]} {[%emt 00:01:30]} Kb3 {[%clk
00:01:24]} {[%emt 00:00:10]} 57. Rf3+ {[%clk 00:25:30]} {[%emt 00:02:12]}
1/2-1/2

[Event "English Open Championship 2024"]
[Site "Holiday Inn, 212 Abbey End, Kenilworth CV8 1ED, United Kingdom"]
[Date "2024.06.23"]
[Round "7.16"]
[White "Balaji, Aaravamudhan"]
[Black "Zakarian, Dimitrios Levon"]
[Result "1-0"]
[TimeControl "G90 + 30secs/move"]
[WhiteFideId "436224"]
[BlackFideId "453080"]
[WhiteElo "2346"]
[BlackElo "1966"]

1. Nf3 {[%clk 01:27:52]} {[%emt 00:00:35]} Nf6 {[%clk 01:30:57]} {[%emt
00:00:13]} 2. g3 {[%clk 01:28:16]} {[%emt 00:00:05]} d5 {[%clk 01:31:22]}
{[%emt 00:00:05]} 3. Bg2 {[%clk 01:28:42]} {[%emt 00:00:04]} Bf5 {[%clk
01:31:47]} {[%emt 00:00:05]} 4. d3 {[%clk 01:20:40]} {[%emt 00:08:33]} h6
{[%clk 01:31:56]} {[%emt 00:00:21]} 5. c4 {[%clk 01:16:43]} {[%emt 00:04:27]}
c6 {[%clk 01:29:43]} {[%emt 00:02:43]} 6. Qb3 {[%clk 01:16:08]} {[%emt
00:01:05]} Qc8 {[%clk 01:27:27]} {[%emt 00:02:47]} 7. cxd5 {[%clk 01:14:17]}
{[%emt 00:02:19]} cxd5 {[%clk 01:27:12]} {[%emt 00:00:45]} 8. Nc3 {[%clk
01:14:33]} {[%emt 00:00:15]} e6 {[%clk 01:27:21]} {[%emt 00:00:21]} 9. Bf4
{[%clk 01:14:29]} {[%emt 00:00:34]} Nc6 {[%clk 01:24:01]} {[%emt 00:03:50]} 10.
O-O {[%clk 01:13:29]} {[%emt 00:01:29]} Be7 {[%clk 01:23:33]} {[%emt 00:00:58]}
11. Rac1 {[%clk 01:11:05]} {[%emt 00:02:54]} O-O {[%clk 01:20:38]} {[%emt
00:03:25]} 12. Ne5 {[%clk 01:03:29]} {[%emt 00:08:06]} Nh5 {[%clk 01:16:19]}
{[%emt 00:04:50]} 13. Nxc6 {[%clk 01:02:10]} {[%emt 00:01:48]} bxc6 {[%clk
01:16:39]} {[%emt 00:00:10]} 14. Bd2 {[%clk 01:01:29]} {[%emt 00:01:10]} Rb8
{[%clk 01:11:30]} {[%emt 00:05:40]} 15. Qc2 {[%clk 01:01:42]} {[%emt 00:00:17]}
Bd6 {[%clk 01:11:34]} {[%emt 00:00:27]} 16. Na4 {[%clk 01:00:12]} {[%emt
00:02:00]} c5 {[%clk 01:07:52]} {[%emt 00:04:12]} 17. e4 {[%clk 00:57:55]}
{[%emt 00:02:46]} dxe4 {[%clk 01:06:40]} {[%emt 00:01:43]} 18. dxe4 {[%clk
00:57:33]} {[%emt 00:00:52]} Bh7 {[%clk 01:06:58]} {[%emt 00:00:12]} 19. Qc3
{[%clk 00:46:57]} {[%emt 00:11:07]} e5 {[%clk 01:02:44]} {[%emt 00:04:44]} 20.
b3 {[%clk 00:46:00]} {[%emt 00:01:27]} Nf6 {[%clk 01:01:10]} {[%emt 00:02:04]}
21. f3 {[%clk 00:46:19]} {[%emt 00:00:11]} Rd8 {[%clk 00:58:18]} {[%emt
00:03:22]} 22. Be3 {[%clk 00:43:50]} {[%emt 00:02:59]} Qa6 {[%clk 00:55:46]}
{[%emt 00:03:02]} 23. Rfd1 {[%clk 00:40:47]} {[%emt 00:03:33]} Bg6 {[%clk
00:53:53]} {[%emt 00:02:23]} 24. Bf1 {[%clk 00:38:15]} {[%emt 00:03:01]} Qc6
{[%clk 00:52:38]} {[%emt 00:01:45]} 25. Bxc5 {[%clk 00:36:59]} {[%emt
00:01:46]} Bxc5+ {[%clk 00:52:24]} {[%emt 00:00:44]} 26. Qxc5 {[%clk 00:37:11]}
{[%emt 00:00:19]} Qxc5+ {[%clk 00:52:46]} {[%emt 00:00:07]} 27. Nxc5 {[%clk
00:37:24]} {[%emt 00:00:18]} Kf8 {[%clk 00:52:41]} {[%emt 00:00:35]} 28. Kf2
{[%clk 00:36:32]} {[%emt 00:01:21]} Ke7 {[%clk 00:52:35]} {[%emt 00:00:36]} 29.
Ke3 {[%clk 00:36:42]} {[%emt 00:00:21]} Nd7 {[%clk 00:51:13]} {[%emt 00:01:52]}
30. Nxd7 {[%clk 00:35:58]} {[%emt 00:01:14]} Rxd7 {[%clk 00:51:38]} {[%emt
00:00:05]} 31. Rxd7+ {[%clk 00:36:25]} {[%emt 00:00:04]} Kxd7 {[%clk 00:52:00]}
{[%emt 00:00:08]} 32. Bh3+ {[%clk 00:36:53]} {[%emt 00:00:01]} Kd6 {[%clk
00:51:37]} {[%emt 00:00:52]} 33. Rd1+ {[%clk 00:36:54]} {[%emt 00:00:30]} Kc6
{[%clk 00:51:54]} {[%emt 00:00:13]} 34. Rd7 {[%clk 00:33:50]} {[%emt 00:03:33]}
Rb7 {[%clk 00:52:05]} {[%emt 00:00:20]} 35. Rd8 {[%clk 00:34:11]} {[%emt
00:00:08]} f6 {[%clk 00:51:22]} {[%emt 00:01:14]} 36. Bf1 {[%clk 00:24:36]}
{[%emt 00:10:05]} Kc5 {[%clk 00:49:39]} {[%emt 00:02:13]} 37. Ba6 {[%clk
00:22:39]} {[%emt 00:02:26]} Rc7 {[%clk 00:48:45]} {[%emt 00:01:24]} 38. Rb8
{[%clk 00:22:28]} {[%emt 00:00:41]} Bf7 {[%clk 00:47:22]} {[%emt 00:01:53]} 39.
Kd2 {[%clk 00:17:25]} {[%emt 00:05:33]} Kd6 {[%clk 00:45:55]} {[%emt 00:01:58]}
40. a4 {[%clk 00:16:32]} {[%emt 00:01:23]} Rc6 {[%clk 00:44:03]} {[%emt
00:02:22]} 41. Bb5 {[%clk 00:15:56]} {[%emt 00:01:06]} Rb6 {[%clk 00:44:19]}
{[%emt 00:00:13]} 42. Rd8+ {[%clk 00:15:24]} {[%emt 00:00:56]} Kc5 {[%clk
00:44:16]} {[%emt 00:00:40]} 43. Kc3 {[%clk 00:15:16]} {[%emt 00:00:38]} 1-0

[Event "English Open Championship 2024"]
[Site "Holiday Inn, 212 Abbey End, Kenilworth CV8 1ED, United Kingdom"]
[Date "2024.06.23"]
[Round "7.17"]
[White "Payne, Matthew J"]
[Black "He, Tom Junde"]
[Result "1/2-1/2"]
[TimeControl "G90 + 30secs/move"]
[WhiteFideId "417084"]
[BlackFideId "488810"]
[WhiteElo "2079"]
[BlackElo "1902"]

1. e4 {[%clk 01:30:57]} {[%emt 00:00:03]} e5 {[%clk 01:30:56]} {[%emt
00:00:04]} 2. Nf3 {[%clk 01:31:19]} {[%emt 00:00:07]} Nc6 {[%clk 01:31:23]}
{[%emt 00:00:04]} 3. Bc4 {[%clk 01:31:41]} {[%emt 00:00:08]} Nf6 {[%clk
01:31:50]} {[%emt 00:00:04]} 4. d4 {[%clk 01:32:01]} {[%emt 00:00:09]} exd4
{[%clk 01:32:16]} {[%emt 00:00:04]} 5. e5 {[%clk 01:32:24]} {[%emt 00:00:08]}
d5 {[%clk 01:32:42]} {[%emt 00:00:02]} 6. Bb5 {[%clk 01:32:46]} {[%emt
00:00:09]} Nd7 {[%clk 01:33:10]} {[%emt 00:00:02]} 7. O-O {[%clk 01:32:58]}
{[%emt 00:00:19]} Be7 {[%clk 01:33:02]} {[%emt 00:00:37]} 8. Re1 {[%clk
01:32:09]} {[%emt 00:01:18]} O-O {[%clk 01:31:47]} {[%emt 00:01:46]} 9. Bxc6
{[%clk 01:32:32]} {[%emt 00:00:08]} bxc6 {[%clk 01:32:15]} {[%emt 00:00:02]} 10.
Nxd4 {[%clk 01:32:55]} {[%emt 00:00:06]} Nb8 {[%clk 01:32:18]} {[%emt
00:00:26]} 11. Qf3 {[%clk 01:33:06]} {[%emt 00:00:20]} c5 {[%clk 01:30:56]}
{[%emt 00:01:52]} 12. Nf5 {[%clk 01:32:17]} {[%emt 00:01:19]} Bxf5 {[%clk
01:30:25]} {[%emt 00:01:02]} 13. Qxf5 {[%clk 01:32:43]} {[%emt 00:00:03]} Qd7
{[%clk 01:26:59]} {[%emt 00:03:56]} 14. Qxd7 {[%clk 01:18:55]} {[%emt
00:14:18]} Nxd7 {[%clk 01:27:26]} {[%emt 00:00:03]} 15. Nc3 {[%clk 01:19:21]}
{[%emt 00:00:05]} c6 {[%clk 01:13:03]} {[%emt 00:14:53]} 16. e6 {[%clk
01:11:03]} {[%emt 00:08:47]} Nb6 {[%clk 01:06:38]} {[%emt 00:06:55]} 17. Bf4
{[%clk 01:04:19]} {[%emt 00:07:14]} f5 {[%clk 00:51:12]} {[%emt 00:15:56]} 18.
h4 {[%clk 00:54:58]} {[%emt 00:09:51]} d4 {[%clk 00:35:44]} {[%emt 00:15:58]}
19. Ne2 {[%clk 00:54:42]} {[%emt 00:00:47]} Nd5 {[%clk 00:30:21]} {[%emt
00:05:53]} 20. Bg5 {[%clk 00:54:57]} {[%emt 00:00:14]} Bd6 {[%clk 00:26:36]}
{[%emt 00:04:16]} 21. g3 {[%clk 00:53:01]} {[%emt 00:02:26]} Rae8 {[%clk
00:22:02]} {[%emt 00:05:03]} 22. Nf4 {[%clk 00:45:49]} {[%emt 00:07:42]} h6
{[%clk 00:21:22]} {[%emt 00:01:10]} 23. Nxd5 {[%clk 00:44:59]} {[%emt
00:01:20]} hxg5 {[%emt 00:00:20]} 24. e7 {[%clk 00:45:26]} {[%emt 00:00:02]}
Rf7 {[%clk 00:21:37]} {[%emt 00:00:26]} 25. Re6 {[%clk 00:45:53]} {[%emt
00:00:04]} cxd5 {[%clk 00:21:03]} {[%emt 00:01:03]} 26. Rxd6 {[%clk 00:46:19]}
{[%emt 00:00:05]} gxh4 {[%clk 00:21:09]} {[%emt 00:00:23]} 27. gxh4 {[%clk
00:46:21]} {[%emt 00:00:28]} Rfxe7 {[%clk 00:21:07]} {[%emt 00:00:32]} 28. Rxd5
{[%clk 00:46:34]} {[%emt 00:00:18]} Re5 {[%clk 00:21:36]} {[%emt 00:00:01]} 29.
Rd7 {[%clk 00:45:00]} {[%emt 00:02:04]} R8e7 {[%clk 00:21:54]} {[%emt
00:00:12]} 30. Rd8+ {[%clk 00:44:20]} {[%emt 00:01:10]} Kf7 {[%clk 00:21:58]}
{[%emt 00:00:26]} 31. Rc8 {[%clk 00:44:44]} {[%emt 00:00:05]} Kg6 {[%clk
00:19:36]} {[%emt 00:02:50]} 32. Kg2 {[%clk 00:39:00]} {[%emt 00:06:16]} Rd7
{[%clk 00:19:04]} {[%emt 00:01:02]} 1/2-1/2

[Event "English Open Championship 2024"]
[Site "Holiday Inn, 212 Abbey End, Kenilworth CV8 1ED, United Kingdom"]
[Date "2024.06.23"]
[Round "7.18"]
[White "Dias, Savin"]
[Black "Mikalajunas, Kajus"]
[Result "1-0"]
[TimeControl "G90 + 30secs/move"]
[WhiteFideId "442399"]
[BlackFideId "483621"]
[WhiteElo "1983"]
[BlackElo "1995"]

1. e4 {[%clk 01:25:32]} {[%emt 00:05:28]} c6 {[%clk 01:30:53]} {[%emt
00:00:08]} 2. d4 {[%clk 01:25:58]} {[%emt 00:00:03]} d5 {[%clk 01:31:16]}
{[%emt 00:00:06]} 3. Nc3 {[%clk 01:26:22]} {[%emt 00:00:07]} dxe4 {[%clk
01:31:39]} {[%emt 00:00:06]} 4. Nxe4 {[%clk 01:26:49]} {[%emt 00:00:05]} Nf6
{[%clk 01:32:00]} {[%emt 00:00:08]} 5. Nxf6+ {[%clk 01:27:16]} {[%emt
00:00:03]} exf6 {[%clk 01:32:18]} {[%emt 00:00:11]} 6. c3 {[%clk 01:27:44]}
{[%emt 00:00:02]} Bd6 {[%clk 01:32:36]} {[%emt 00:00:12]} 7. Bd3 {[%clk
01:28:12]} {[%emt 00:00:03]} O-O {[%clk 01:32:54]} {[%emt 00:00:12]} 8. Qc2
{[%clk 01:28:39]} {[%emt 00:00:03]} Re8+ {[%clk 01:33:16]} {[%emt 00:00:08]} 9.
Ne2 {[%clk 01:29:06]} {[%emt 00:00:03]} h5 {[%clk 01:33:37]} {[%emt 00:00:08]}
10. Be3 {[%clk 01:29:31]} {[%emt 00:00:06]} Nd7 {[%clk 01:31:53]} {[%emt
00:02:14]} 11. O-O-O {[%clk 01:29:39]} {[%emt 00:00:23]} Nf8 {[%clk 01:32:00]}
{[%emt 00:00:21]} 12. Rhg1 {[%clk 01:29:34]} {[%emt 00:00:36]} Qa5 {[%clk
01:26:49]} {[%emt 00:05:40]} 13. a3 {[%clk 01:29:21]} {[%emt 00:00:45]} b5
{[%clk 01:18:59]} {[%emt 00:08:20]} 14. Nf4 {[%clk 01:12:48]} {[%emt 00:17:02]}
Bg4 {[%clk 01:08:43]} {[%emt 00:10:45]} 15. Rde1 {[%clk 01:08:54]} {[%emt
00:04:25]} Re7 {[%clk 00:51:40]} {[%emt 00:17:32]} 16. h3 {[%clk 01:03:59]}
{[%emt 00:05:25]} Rae8 {[%clk 00:51:58]} {[%emt 00:00:13]} 17. hxg4 {[%clk
01:00:09]} {[%emt 00:04:20]} Bxf4 {[%clk 00:52:13]} {[%emt 00:00:15]} 18. Rh1
{[%clk 00:59:14]} {[%emt 00:01:25]} Bxe3+ {[%clk 00:45:11]} {[%emt 00:07:31]}
19. fxe3 {[%clk 00:58:48]} {[%emt 00:00:57]} Rxe3 {[%clk 00:44:39]} {[%emt
00:01:01]} 20. Rxe3 {[%clk 00:58:54]} {[%emt 00:00:25]} Rxe3 {[%clk 00:45:06]}
21. Qd2 {[%clk 00:55:57]} {[%emt 00:03:29]} Rg3 {[%clk 00:43:05]} {[%emt
00:02:30]} 22. gxh5 {[%clk 00:55:49]} {[%emt 00:00:40]} Qc7 {[%clk 00:43:04]}
{[%emt 00:00:32]} 23. Be4 {[%clk 00:46:22]} {[%emt 00:09:57]} Ne6 {[%clk
00:40:18]} {[%emt 00:03:15]} 24. h6 {[%clk 00:43:12]} {[%emt 00:03:39]} g6
{[%clk 00:39:28]} {[%emt 00:01:21]} 25. Qf2 {[%clk 00:30:48]} {[%emt 00:12:54]}
f5 {[%clk 00:38:48]} {[%emt 00:01:10]} 26. Bxc6 {[%clk 00:27:06]} {[%emt
00:04:12]} Nf4 {[%clk 00:33:56]} {[%emt 00:05:22]} 27. Kb1 {[%clk 00:25:14]}
{[%emt 00:02:22]} Nd3 {[%clk 00:32:32]} {[%emt 00:01:54]} 28. h7+ {[%clk
00:25:10]} {[%emt 00:00:34]} Kh8 {[%clk 00:32:51]} {[%emt 00:00:10]} 29. Qe2
{[%clk 00:25:23]} {[%emt 00:00:19]} Qb8 {[%clk 00:25:38]} {[%emt 00:07:43]} 30.
Qe7 {[%clk 00:25:03]} {[%emt 00:00:50]} Kg7 {[%clk 00:22:29]} {[%emt 00:03:37]}
31. h8=Q+ {[%clk 00:25:16]} {[%emt 00:00:17]} Qxh8 {[%clk 00:22:44]} 32. Rxh8
{[%clk 00:25:41]} {[%emt 00:00:20]} Kxh8 {[%clk 00:22:58]} {[%emt 00:00:16]} 33.
Qh4+ {[%clk 00:26:06]} {[%emt 00:00:05]} 1-0

[Event "English Open Championship 2024"]
[Site "Holiday Inn, 212 Abbey End, Kenilworth CV8 1ED, United Kingdom"]
[Date "2024.06.23"]
[Round "7.19"]
[White "Bharat Kumar, Balahari"]
[Black "Schell, Finn"]
[Result "1-0"]
[TimeControl "G90 + 30secs/move"]
[WhiteFideId "496464"]
[BlackFideId "343406378"]
[WhiteElo "1994"]
[BlackElo "1863"]

1. d4 {[%clk 01:30:54]} {[%emt 00:00:05]} d5 {[%clk 01:30:56]} {[%emt
00:00:04]} 2. c4 {[%clk 01:31:18]} {[%emt 00:00:06]} e6 {[%clk 01:31:25]}
{[%emt 00:00:01]} 3. Nc3 {[%clk 01:31:39]} {[%emt 00:00:09]} Nf6 {[%clk
01:31:53]} {[%emt 00:00:01]} 4. Bf4 {[%clk 01:30:37]} {[%emt 00:01:32]} dxc4
{[%clk 01:32:19]} {[%emt 00:00:05]} 5. e3 {[%clk 01:20:12]} {[%emt 00:10:56]}
c5 {[%clk 01:32:42]} {[%emt 00:00:06]} 6. Bxc4 {[%clk 01:20:02]} {[%emt
00:00:40]} cxd4 {[%clk 01:33:10]} {[%emt 00:00:02]} 7. exd4 {[%clk 01:19:26]}
{[%emt 00:01:07]} Bd6 {[%clk 01:32:36]} {[%emt 00:01:03]} 8. Bg5 {[%clk
01:13:48]} {[%emt 00:06:08]} Be7 {[%clk 01:33:01]} {[%emt 00:00:02]} 9. Nf3
{[%clk 01:14:00]} {[%emt 00:00:21]} Nc6 {[%clk 01:33:30]} {[%emt 00:00:02]} 10.
O-O {[%clk 01:13:54]} {[%emt 00:00:36]} O-O {[%clk 01:33:54]} {[%emt 00:00:02]}
11. Re1 {[%clk 01:13:39]} {[%emt 00:00:48]} a6 {[%clk 01:32:29]} {[%emt
00:01:55]} 12. a4 {[%clk 01:12:30]} {[%emt 00:01:39]} Qa5 {[%clk 01:30:43]}
{[%emt 00:02:15]} 13. Qd2 {[%clk 00:56:06]} {[%emt 00:16:56]} Rd8 {[%clk
01:28:40]} {[%emt 00:02:28]} 14. Rad1 {[%clk 00:54:06]} {[%emt 00:02:34]} Qb4
{[%clk 01:22:06]} {[%emt 00:07:00]} 15. Qe2 {[%clk 00:38:11]} {[%emt 00:16:29]}
Re8 {[%clk 00:57:10]} {[%emt 00:25:27]} 16. Bxf6 {[%clk 00:22:43]} {[%emt
00:15:57]} Bxf6 {[%clk 00:55:16]} {[%emt 00:02:23]} 17. Nd5 {[%clk 00:22:15]}
{[%emt 00:00:59]} Qa5 {[%clk 00:52:28]} {[%emt 00:03:17]} 18. Nxf6+ {[%clk
00:22:26]} {[%emt 00:00:20]} gxf6 {[%clk 00:52:55]} {[%emt 00:00:01]} 19. Qe4
{[%clk 00:13:38]} {[%emt 00:09:20]} Qh5 {[%clk 00:51:13]} {[%emt 00:02:12]} 20.
Qf4 {[%clk 00:09:07]} {[%emt 00:05:01]} Kg7 {[%clk 00:47:33]} {[%emt 00:04:10]}
21. g4 {[%clk 00:02:30]} {[%emt 00:07:07]} Qh6 {[%clk 00:47:27]} {[%emt
00:00:36]} 22. g5 {[%clk 00:02:37]} {[%emt 00:00:23]} fxg5 {[%clk 00:47:27]}
{[%emt 00:00:30]} 23. Nxg5 {[%clk 00:02:50]} {[%emt 00:00:17]} Qf6 {[%clk
00:47:43]} {[%emt 00:00:13]} 24. Qg4 {[%clk 00:01:25]} {[%emt 00:01:55]} Kh8
{[%clk 00:47:00]} {[%emt 00:01:10]} 25. Qh5 {[%clk 00:01:26]} {[%emt 00:00:33]}
Qg6 {[%clk 00:45:02]} {[%emt 00:02:28]} 26. Qxg6 {[%clk 00:01:49]} {[%emt
00:00:07]} fxg6 {[%clk 00:44:55]} {[%emt 00:00:36]} 27. Bxe6 {[%clk 00:00:40]}
{[%emt 00:01:40]} h6 {[%clk 00:43:55]} {[%emt 00:01:30]} 28. Bxc8 {[%clk
00:00:47]} {[%emt 00:00:23]} Rxe1+ {[%clk 00:44:03]} {[%emt 00:00:22]} 29. Rxe1
{[%clk 00:01:07]} {[%emt 00:00:10]} Rxc8 {[%clk 00:44:32]} {[%emt 00:00:01]} 30.
Ne6 {[%clk 00:00:51]} {[%emt 00:00:46]} Re8 {[%clk 00:44:05]} {[%emt 00:00:57]}
31. d5 {[%clk 00:01:13]} {[%emt 00:00:08]} Nd4 {[%clk 00:43:04]} {[%emt
00:01:31]} 32. Kf1 {[%clk 00:01:11]} {[%emt 00:00:32]} Nxe6 {[%clk 00:43:29]}
{[%emt 00:00:05]} 33. dxe6 {[%clk 00:01:01]} {[%emt 00:00:40]} Kg7 {[%clk
00:43:37]} {[%emt 00:00:22]} 34. Re3 {[%clk 00:01:04]} {[%emt 00:00:27]} Kf6
{[%clk 00:43:32]} {[%emt 00:00:35]} 35. Rb3 {[%clk 00:01:22]} {[%emt 00:00:11]}
Re7 {[%clk 00:35:21]} {[%emt 00:08:41]} 36. Rb6 {[%clk 00:01:40]} {[%emt
00:00:14]} Kf5 {[%clk 00:35:35]} {[%emt 00:00:15]} 37. Kg2 {[%clk 00:01:24]}
{[%emt 00:00:46]} g5 {[%clk 00:35:23]} {[%emt 00:00:41]} 38. a5 {[%clk
00:00:48]} {[%emt 00:01:06]} h5 {[%clk 00:34:33]} {[%emt 00:01:19]} 39. Kf3
{[%clk 00:00:56]} {[%emt 00:00:23]} Kf6 {[%clk 00:25:51]} {[%emt 00:09:11]} 40.
h3 {[%clk 00:00:47]} {[%emt 00:00:39]} Kf5 {[%clk 00:26:00]} {[%emt 00:00:22]}
41. Ke3 {[%clk 00:00:36]} {[%emt 00:00:42]} Rxe6+ {[%clk 00:22:45]} {[%emt
00:03:45]} 42. Rxe6 {[%clk 00:00:55]} {[%emt 00:00:10]} Kxe6 {[%clk 00:23:12]}
{[%emt 00:00:03]} 43. f4 {[%clk 00:00:33]} {[%emt 00:00:52]} g4 {[%clk
00:23:17]} {[%emt 00:00:25]} 44. hxg4 {[%clk 00:00:56]} {[%emt 00:00:07]} hxg4
{[%clk 00:23:46]} {[%emt 00:00:01]} 45. Kf2 {[%clk 00:01:11]} {[%emt 00:00:14]}
Kf6 {[%clk 00:21:51]} {[%emt 00:02:27]} 46. Kg3 {[%clk 00:01:35]} {[%emt
00:00:06]} Kf5 {[%clk 00:22:18]} {[%emt 00:00:02]} 47. b3 {[%clk 00:01:57]}
{[%emt 00:00:08]} Ke4 {[%clk 00:20:51]} {[%emt 00:01:57]} 48. Kxg4 {[%clk
00:02:22]} {[%emt 00:00:05]} 1-0